Quizzes
Events
Quiz Creation
Community
Videos
Private Events
Remove Ads
Sign In
Join for FREE
Feedback
Dark Mode
Quiz Categories
Sports
Geography
Music
Movies
Television
Just For Fun
Miscellaneous
History
Literature
Language
Science
Gaming
Entertainment
Religion
Holiday
For Kids
Quiz Lab
Recent
Popular Today
Quiz Kudos Today
Editor Picks
Curator Picks
Quizzes by...
Day
Popularity
Type
Ratings
Length
Year
Community
Subscriptions
Recent Discussions
Orange Saloon
Badges
Playlists
Quests
Create
Leaderboards
Showdown
Live 5
Trivia Bingo
Activity
Puzzle Library
Sporcle Events
Private Events
Virtual Trivia
Globe League
Become a Host
Pub Owners
SporcleCon
Opinionation
Our Games
Videos
Blog
Mobile Apps
Partnerships
Remove Ads and Go Orange
Feedback
Sports
Athletes
MLB
NBA
NHL
NFL
Soccer
Sports Teams
WWE
NCAA
Football
Premier League
Basketball
Baseball
Hockey
Golf
Tennis
Cricket
Rugby
Auto Racing
Olympics
World Cup
Sports
Athletes
MLB
NBA
NHL
NFL
Soccer
Sports Teams
WWE
NCAA
Football
Premier League
Basketball
Baseball
Hockey
Golf
Tennis
Cricket
Rugby
Auto Racing
Olympics
World Cup
Random Quiz
Search Sporcle
×
Quiz Lab
Quiz Lab
Sports
College
Type in answers that appear in a list
Type in answers that appear in a list
Classic
Best Score? Go Orange.
Most Yards Rushing by College (BCS) Stats
Can you name the players who ran for the most yards for each college listed (BCS)?
By
Ben
10m
65 Questions
273 Plays
273 Plays
273 Plays
Comments
Comments
Give Quiz Kudos
Give Quiz Kudos
-
- Ratings
hide this ad
More Info
Replay
Link that replays current quiz
Next Quiz
Link to next quiz in quiz playlist
You Got
0%
They Got
Avg Score
30%
Avg Friend Score
Upgrade to see
Score Distribution
Jump to the score distribution portion of the page
Score
0/65
Timer
10:00
0
Plays Today
Conference
Running Back
% Correct
Big XII
Ricky Williams
78.4%
SEC
Bo Jackson
75.8%
Big Ten
Ron Dayne
75.5%
SEC
Darren McFadden
74%
Big East
Donald Brown
71.8%
SEC
Herschel Walker
70.3%
Big XII
Brad Smith
64.5%
Big East
Ray Rice
62.3%
Big Ten
Archie Griffin
61.5%
Big East
Tony Dorsett
59.7%
Big Ten
Michael Hart
54.6%
Pac-
10
Charles White
54.2%
ACC
Ted Brown
53.8%
Big XII
Thurman Thomas
53.5%
ACC
Thomas Jones
53.1%
ACC
Warrick Dunn
49.8%
Big Ten
Lorenzo White
47.3%
SEC
Shaun Alexander
45.4%
SEC
George Rogers
45.1%
Big XII
Troy Davis
44.7%
Pac-
10
Russell White
44.7%
Big XII
Darren Sproles
43.2%
Big XII
Mike Rozier
43.2%
Big XII
Billy Sims
41%
Pac-
10
Gaston Green
35.9%
Big Ten
Anthony Thompson
35.5%
Pac-
10
Woody Green
35.5%
Big XII
Darren Lewis
34.4%
Big Ten
Darrell Thompson
33.3%
Big Ten
Evan Royster
32.6%
Big Ten
Damien Anderson
30.8%
ACC
Ottis Anderson
28.6%
SEC
Travis Henry
27.8%
Conference
Running Back
% Correct
SEC
Kevin Faulk
26.4%
SEC
Errict Rhett
22%
Big XII
Byron Hanspard
19.4%
Big East
Reggie Taylor
18.3%
Pac-
10
Napoleon Kaufman
17.2%
SEC
Anthony Dixon
16.8%
Big East
Joe Morris
15.4%
ACC
LaMont Jordan
14.3%
Big Ten
Mike Alstott
13.6%
Pac-
10
Ken Simonton
11.7%
SEC
BenJarvus Green-Ellis
11.7%
Big XII
Eric Bieniemy
10.3%
Big East
Avon Cobourne
9.2%
Pac-
10
Trung Canidate
9.2%
ACC
Amos Lawrence
7.7%
ACC
Cyrus Lawrence
7.7%
Pac-
10
Darrin Nelson
7.7%
Pac-
10
Rueben Mayes
5.9%
ACC
Raymond Priester
5.5%
Big Ten
Robert Holcombe
5.5%
Big East
Andre Hall
5.1%
Big Ten
Sedrick Shaw
5.1%
Big XII
Walter Abercrombie
5.1%
SEC
Sonny Collins
5.1%
ACC
Derrick Knight
4.4%
ACC
Chris Barclay
4%
Pac-
10
Derek Loville
2.9%
ACC
Chris Douglas
2.2%
ACC
Robert Lavette
1.8%
Big XII
June Henley
1.8%
Big East
Walter Peacock
1.5%
SEC
Frank Mordica
1.5%
Quiz Playlist
Details
Report
Send in Message
Add To Playlist
More Info:
Sources:
sports-reference.com
and
nationalchamps
Classic:
Type in answers that appear in a list
Last Updated: Feb 16, 2017
Quiz Scoreboard
CHALLENGE
Sign Up to Join the Scoreboard
Show All
Scores
Hide
Comments
May contain spoilers
Recently Published
Presidents Visiting Landmarks
by Hejman
History
7m
An Introduction to Baseball
by treessimontrees
Sports
5m
Movies - When Are They Set?
by FPL_Elf
Movies
5m
More to Explore
Quiz From the Vault
Featured Blog Post
Where Did the Easter Bunny Come From?
hide this ad
You Might Also Like...
Tags
College Quiz
BCS
Conference
Running
Running Backs
Rushing
school
season
Yard
Today's Top Quizzes in Sports
Browse Sports
hide this ad
Today's Top Quizzes in College
Browse College
Top Contributed Quizzes in Sports
1
Les meilleurs buteurs des matchs entre le PSG et l’OM
2
2022 World Cup Stars
3
FIFA Club World Cup Champions
4
Les entraîneurs de l'OM et du PSG au 21e siècle
5
Name the Premier League winners with different clubs
6
La finale Lions - Afrique du Sud 2021
7
England Test cricketers to play under Nasser Hussain
8
5-to-1: UK Sports Teams
9
Les joueurs passés par le LOSC et le RC Lens
10
Criteria MLB: Left Handed Sluggers
Explore More
Trending Topics
Disney
Kpop
NBA
Anime
Harry Potter
Marvel
Crossword
NFL
Song
Country
Puzzle
WWE
The Office
Soccer
Pokémon
hide this ad
More By:
Ben
Quiz
Plays
Rating
Category
Featured
Created
Disney Songs
2,283,020
4.12
Movies
Jan 30, 2009
NCAA Helmets
1,114,903
4.54
Sports
Oct 16, 2009
NBA Finals MVPs
920,463
4.69
Sports
Nov 28, 2008
4-Letter Countries
878,875
4.70
Geography
Feb 19, 2009
Candy Slogans
861,487
3.93
Entertainment
May 15, 2009
Go to Creator's Profile
Score Distribution
Quiz Creator Spotlight
Ben
Follow
Send a Message
Quizzes Created
-
Created Quiz Play Count
-
More By This Creator
Popular Quizzes Today
1
Find the US States - No Outlines Minefield
2
Find the Countries of Europe - No Outlines Minefield
3
The Countries of the World
4
Popular People in 1961
5
Find the US States
6
US States
7
Risky Map Clicking: Biggest States A-Z
8
1-10 Letter E Words III
More Sports Quizzes
Swedish Allsvenskan clubs in the 21st century
Quiz Lab
Trending Quizzes
Risky Map Clicking: Least Populous States A-Z
1-10 Letter G Words
1-10 Letter F Words
One Thing in Common: United Kingdom
Risky Map Clicking: Next State Alphabetically
Recently Updated
Leaping Animals
pecheneg
Reality TV Shows (A-Z)
bhenderson79
Rickey Henderson's Hall of Fame Teammates
pecheneg
Champions League XIs: Arsenal
pecheneg
Quick Pick: Celebrities in WWE's Hall of Fame
aduchscher
A-Z Keypad Blitz II
pecheneg
Multiple Oscar Actors
pecheneg
Mystery Phrase Blitz: Oscar 'Best Actors'
pecheneg
F. Scott Fitzgerald Novels
LTH
Pick 3 Villains
ddd62291
Trending Topics
Kpop
Disney
Anime
Crossword
NBA
Harry Potter
Marvel
Soccer
Song
Pokémon
NFL
The Office
Puzzle
Country
WWE
Your Account Isn't Verified!
In order to create a playlist on Sporcle, you need to verify the email address you used during registration. Go to your
Sporcle Settings
to finish the process.
Report this User
Report this user for behavior that violates our
Community Guidelines
.
Details:
Send Report
Go to the Sporcle.com Mobile Site →
Comments